<?xml version="1.0" encoding="UTF-8"?>
<record
    xmlns:xsi="http://www.w3.org/2001/XMLSchema-instance"
    xsi:schemaLocation="http://www.loc.gov/MARC21/slim http://www.loc.gov/standards/marcxml/schema/MARC21slim.xsd"
    xmlns="http://www.loc.gov/MARC21/slim">

  <leader>01518nam a22001937b 4500</leader>
  <controlfield tag="005">20240913093837.0</controlfield>
  <controlfield tag="008">240913b        sa ||||| |||| 00| 1 AFR d</controlfield>
  <datafield tag="020" ind1=" " ind2=" ">
    <subfield code="a">3322803115230</subfield>
    <subfield code="q">pbk</subfield>
  </datafield>
  <datafield tag="040" ind1=" " ind2=" ">
    <subfield code="a">RDA</subfield>
    <subfield code="c">OCLC</subfield>
  </datafield>
  <datafield tag="041" ind1=" " ind2=" ">
    <subfield code="2">A</subfield>
  </datafield>
  <datafield tag="082" ind1=" " ind2=" ">
    <subfield code="a">AF DIED</subfield>
  </datafield>
  <datafield tag="100" ind1=" " ind2=" ">
    <subfield code="a">Diedericks, Erla- Mari</subfield>
    <subfield code="9">188930</subfield>
  </datafield>
  <datafield tag="245" ind1=" " ind2=" ">
    <subfield code="a">Die bewonderaar</subfield>
    <subfield code="c">by Erla- Mari Diedericks</subfield>
  </datafield>
  <datafield tag="250" ind1=" " ind2=" ">
    <subfield code="a">First Published</subfield>
    <subfield code="b">2022</subfield>
  </datafield>
  <datafield tag="260" ind1=" " ind2=" ">
    <subfield code="a">Midrand;</subfield>
    <subfield code="b">Wenkbrou;</subfield>
    <subfield code="c">2022</subfield>
  </datafield>
  <datafield tag="300" ind1=" " ind2=" ">
    <subfield code="a">262 pages</subfield>
    <subfield code="c">20 cm</subfield>
  </datafield>
  <datafield tag="500" ind1=" " ind2=" ">
    <subfield code="a">NIE VIR SENSITIEWE LESERS NIE
Jou diepste vrees is sy grootste begeerte... Geen lang naels nie. Geen skoenveters nie. Dit is maar enkele van die re&#xEB;ls in die Molenberg-Psigiatriese hospitaal. Selfmoord is &#x149; inwoner hier, en die pasi&#xEB;nte word as psigopate bestempel. Dominique du Randt word in Molenberg opgeneem n&#xE1; haar ma se wrede moord. Niemand glo dat sy nie verantwoordelik is vir haar ma se dood nie. Niemand glo dat sy deur &#x149; man agtervolg is wat homself die 
Bewonderaar noem nie. Haar sielkundige, Martin, het wel sy bedenkinge. Daarom dat hy sy eie speurwerk doen. Wat Martin ontdek, is die Ophelia-klub. &#x2019;n Plek van grusame geheime, fantasie&#xEB; en donker vergrype. Wanneer een van die vroulike pasi&#xEB;nte in Molenberg-Psigiatriese hospitaal verdwyn, is Dominique oortuig die Bewonderaar weet presies waar sy is. Hy is, soos voorheen, weer in beheer van di&#xE9; skrikwekkende spel. Maar hoe beskerm jy jouself in &#x2019;n plek soos Molenberg? Hier waar niemand jou glo en jy geen vryheid of beheer het nie?</subfield>
  </datafield>
  <datafield tag="942" ind1=" " ind2=" ">
    <subfield code="2">ddc</subfield>
    <subfield code="c">BOOK</subfield>
    <subfield code="w">174</subfield>
    <subfield code="x">Sanet Schoeman</subfield>
    <subfield code="y">174</subfield>
    <subfield code="z">Sanet Schoeman</subfield>
  </datafield>
  <datafield tag="999" ind1=" " ind2=" ">
    <subfield code="c">767583</subfield>
    <subfield code="d">767582</subfield>
  </datafield>
  <datafield tag="952" ind1=" " ind2=" ">
    <subfield code="0">0</subfield>
    <subfield code="1">0</subfield>
    <subfield code="2">ddc</subfield>
    <subfield code="4">0</subfield>
    <subfield code="7">0</subfield>
    <subfield code="8">F</subfield>
    <subfield code="a">STANRL</subfield>
    <subfield code="b">STANDL</subfield>
    <subfield code="c">FIC</subfield>
    <subfield code="d">2024-09-13</subfield>
    <subfield code="g">260.95</subfield>
    <subfield code="l">0</subfield>
    <subfield code="o">AF DIED</subfield>
    <subfield code="p">33228031152302</subfield>
    <subfield code="r">2024-09-13</subfield>
    <subfield code="w">2024-09-13</subfield>
    <subfield code="y">BOOK</subfield>
  </datafield>
</record>
